El anciano en situacin̤ de dependencia y su familia

Bibliographic Details
Main Author: Martn̕ Carbonell, Marta
Other Authors: Fernǹdez-Daza, Martha, Laguado Jaimes, Elveny, Herrera Merchǹ, Edna J., Pereira Moreno, Lady J.
Format: eBook
Language:Spanish
Published: Medelln̕: Universidad Cooperativa de Colombia, 2022
Subjects:
Online Access:Acceso restringido

MARC

LEADER 00000nam a22000007a 4500
005 20221012213342.0
007 cr|||| ||||
008 221012s2022 co |||||s|||| 00||0 spa d
020 |a 978-958-760-367-5 
035 |a 37379 
040 |a vLex 
090 |c 14017  |d 14017 
100 1 |a Martn̕ Carbonell, Marta 
245 1 2 |a El anciano en situacin̤ de dependencia y su familia  |h [Recurso electrn̤ico] /  |c Marta Martn̕ Carbonell, Martha Fernǹdez-Daza, Elveny Laguado Jaimes, Edna J. Herrera Merchǹ, Lady J. Pereira Moreno 
256 |a Servicio en ln̕ea 
260 |a Medelln̕:  |b Universidad Cooperativa de Colombia,  |c 2022 
300 |a 1 recurso electrn̤ico 
506 1 |a Disponible solo en los productos indicados  |d vLex Global  |d vLex Global (Academic Edition, excluding Law Schools)  |d vLex Global (U.S. Academic Edition, Law Schools)  |d vLex Global (U.S. Academic Edition, excluding Law Schools)  |d vLex Global (Academic Edition, Law Schools) 
650 0 4 |a Derecho Civil  |z Colombia 
700 |a Fernǹdez-Daza, Martha 
700 |a Laguado Jaimes, Elveny 
700 |a Herrera Merchǹ, Edna J. 
700 |a Pereira Moreno, Lady J. 
740 0 |a vLex Libros (Servicio en ln̕ea) 
856 4 0 |u https://app.vlex.com/#/sources/37379  |z Acceso restringido 
942 |c BOOK 
999 0 |a Civil Law